[Event "Chess.com RCC Wk17 Swiss"]
[Site "chess.com INT"]
[Date "2022.06.04"]
[Round "6"]
[White "Darini, P."]
[Black "Yang, Kaiqi"]
[Result "1-0"]
[WhiteElo "2436"]
[BlackElo "2481"]
[PlyCount "203"]
[EventDate "2022.06.04"]
[EventType "swiss (rapid)"]
[EventRounds "9"]
[EventCountry "NET"]
[Source "Mark Crowther"]
[SourceDate "2022.06.06"]

1. e4 e5 2. Nf3 Nc6 3. Bc4 Bc5 4. d3 Nf6 5. Bg5 h6 6. Bh4 O-O 7. Nbd2 Be7 8.
O-O d6 9. c3 Na5 10. Bb5 a6 11. Ba4 b5 12. Bc2 c5 13. d4 cxd4 14. cxd4 Nc6 15.
Re1 Bg4 16. h3 Bh5 17. Bxf6 Bxf6 18. g4 Bg6 19. d5 Nb4 20. Bb1 a5 21. Qe2 Qb6
22. Nf1 Bg5 23. Nxg5 hxg5 24. Qe3 Qxe3 25. Nxe3 Rfc8 26. f3 f6 27. a3 Na6 28.
Bd3 Be8 29. Nf5 Nc5 30. Ne7+ Kf7 31. Nxc8 Rxc8 32. Rec1 a4 33. Rc3 Ke7 34. Bc2
Ra8 35. Ra2 Bd7 36. b4 axb3 37. Bxb3 Kd8 38. Kf2 Kc7 39. Ke3 Kb6 40. Bd1 Rh8
41. Rh2 Ka5 42. Kd2 Kb6 43. Kc1 Ka5 44. Be2 Kb6 45. Bf1 Ka5 46. Kb1 Kb6 47. Re3
Ka5 48. Rb2 Kb6 49. Rb4 Ra8 50. Ka2 Ka5 51. Rc3 Rh8 52. Rc2 Rb8 53. Rcb2 Na4
54. Rc2 Nc5 55. Rh2 Rh8 56. Be2 Na4 57. Bd3 Nc5 58. Bc2 Ka6 59. Rb1 Ka5 60.
Rbh1 Rh4 61. Kb2 Kb6 62. Kc3 Ka5 63. Kd2 Be8 64. Ke3 Bd7 65. Kf2 Be8 66. Kg3
Bd7 67. Rb1 Be8 68. Bd1 Bd7 69. Rhb2 Rh8 70. Be2 Rb8 71. h4 gxh4+ 72. Kxh4 Na4
73. Rc2 Nc5 74. Kg3 Ka4 75. Rcb2 Ka5 76. Rh1 Ka4 77. Ra1 Ka5 78. Rbb1 Ka4 79.
Rh1 Ka5 80. Rh7 Rg8 81. Bd1 Nd3 82. Ra2 Nc5 83. Rah2 Nd3 84. Rh8 Rxh8 85. Rxh8
Nb2 86. Bb3 Nc4 87. Ra8+ Kb6 88. Bxc4 bxc4 89. Kf2 Kc5 90. Ke3 Bb5 91. Rc8+ Kb6
92. Kd2 Ba6 93. Rg8 g5 94. Kc3 Ka5 95. Rf8 Ka4 96. Rxf6 Kxa3 97. Rxd6 Bb5 98.
Rg6 Ka4 99. Rxg5 Ka5 100. Rxe5 Kb6 101. Re6+ Kc7 102. g5 1-0

[Event "Chess.com RCC Wk17 Swiss"]
[Site "chess.com INT"]
[Date "2022.06.04"]
[Round "7"]
[White "Yang, Kaiqi"]
[Black "Xu, Yinglun"]
[Result "0-1"]
[WhiteElo "2481"]
[BlackElo "2549"]
[PlyCount "86"]
[EventDate "2022.06.04"]
[EventType "swiss (rapid)"]
[EventRounds "9"]
[EventCountry "NET"]
[Source "Mark Crowther"]
[SourceDate "2022.06.06"]

1. d4 d5 2. c4 e6 3. Nc3 Be7 4. cxd5 exd5 5. Bf4 c6 6. e3 Bd6 7. Bxd6 Qxd6 8.
Bd3 Ne7 9. Nf3 Bf5 10. O-O O-O 11. Bxf5 Nxf5 12. Qb1 Ne7 13. b4 b6 14. Rd1 a6
15. Na4 Nd7 16. Qb2 f6 17. Rac1 Rfc8 18. a3 Qe6 19. h3 Nf5 20. Rc3 Nd6 21. Nd2
a5 22. Rdc1 axb4 23. Qxb4 b5 24. Nc5 Nxc5 25. Qxc5 Nc4 26. Nxc4 dxc4 27. Re1
Rd8 28. f3 Rd7 29. Kf2 Kf7 30. e4 Qd6 31. Qxd6 Rxd6 32. Ke3 Ke6 33. Rb1 Rad8
34. a4 Rxd4 35. axb5 Rd3+ 36. Rxd3 Rxd3+ 37. Ke2 Rb3 38. Rxb3 cxb3 39. Kd3 cxb5
40. Kc3 Ke5 41. g3 g5 42. Kxb3 Kd4 43. Kb4 Ke3 0-1

[Event "Chess.com RCC Wk17 Swiss"]
[Site "chess.com INT"]
[Date "2022.06.04"]
[Round "8"]
[White "Kobo, Ori"]
[Black "Yang, Kaiqi"]
[Result "1-0"]
[WhiteElo "2534"]
[BlackElo "2481"]
[PlyCount "75"]
[EventDate "2022.06.04"]
[EventType "swiss (rapid)"]
[EventRounds "9"]
[EventCountry "NET"]
[Source "Mark Crowther"]
[SourceDate "2022.06.06"]

1. d4 Nf6 2. c4 g6 3. Nc3 Bg7 4. Nf3 O-O 5. g3 d6 6. Bg2 c5 7. d5 e6 8. O-O Re8
9. Re1 exd5 10. cxd5 a6 11. a4 Nbd7 12. Bf4 Qe7 13. Rb1 Nh5 14. Bg5 Qf8 15. Qc1
Rb8 16. b4 cxb4 17. Rxb4 Nc5 18. Be3 Bd7 19. Bd4 Rbc8 20. Qd2 f5 21. a5 Rc7 22.
Rb6 Nf6 23. Bxc5 Rxc5 24. Rxb7 Bc8 25. Rb3 Rxa5 26. Nd4 Rc5 27. Reb1 Ne4 28.
Nxe4 fxe4 29. Ne6 Bxe6 30. dxe6 d5 31. Bh3 d4 32. Rb7 Qd6 33. Rd7 Qc6 34. Qf4
Rf8 35. Rb8 Rc1+ 36. Kg2 e3+ 37. f3 Rxb8 38. Qf7+ 1-0

[Event "Chess.com RCC Wk17 Swiss"]
[Site "chess.com INT"]
[Date "2022.06.04"]
[Round "9"]
[White "Yang, Kaiqi"]
[Black "Kosteniuk, A."]
[Result "1-0"]
[WhiteElo "2481"]
[BlackElo "2510"]
[PlyCount "91"]
[EventDate "2022.06.04"]
[EventType "swiss (rapid)"]
[EventRounds "9"]
[EventCountry "NET"]
[Source "Mark Crowther"]
[SourceDate "2022.06.06"]

1. d4 Nf6 2. c4 e6 3. Bf4 c5 4. d5 d6 5. Nc3 e5 6. Bd2 Bf5 7. g3 Nbd7 8. Bg2 e4
9. Qb3 g6 10. Nh3 Bg7 11. Bf4 Nb6 12. Nb5 Nc8 13. Nc3 Qe7 14. O-O h6 15. f3 g5
16. Bc1 Bg6 17. f4 g4 18. Nf2 O-O 19. Nfd1 Nb6 20. f5 Bh7 21. Ne3 h5 22. Qc2
Rae8 23. b3 Bh6 24. Bd2 Nbd7 25. Rab1 Kg7 26. a3 Bg5 27. b4 b6 28. Nb5 Ne5 29.
bxc5 dxc5 30. d6 Qb7 31. Qc3 Nfd7 32. Nc7 Qc6 33. Ned5 Bxd2 34. Qxd2 Qxd6 35.
Nxe8+ Rxe8 36. f6+ Kh8 37. Qh6 Qf8 38. Qxh5 Nxc4 39. Rf4 Re5 40. Qh4 Nd2 41.
Rd1 e3 42. Nxe3 Rxe3 43. Rxd2 Ne5 44. Be4 Ng6 45. Bxg6 fxg6 46. f7 1-0

[Event "Titled Tuesday 2022.06.07 Early"]
[Site "chess.com INT"]
[Date "2022.06.07"]
[Round "1"]
[White "Tsukerman, Julia"]
[Black "Yang, Kaiqi"]
[Result "0-1"]
[WhiteElo "1523"]
[BlackElo "2481"]
[PlyCount "82"]
[EventDate "2022.06.07"]
[EventType "swiss (blitz)"]
[EventRounds "11"]
[EventCountry "NET"]
[Source "Mark Crowther"]
[SourceDate "2022.06.13"]

1. e4 c5 2. Nf3 e6 3. d4 cxd4 4. Nxd4 a6 5. Nc3 b5 6. Bd3 Bb7 7. Be3 Nc6 8. f3
Qb6 9. Nf5 Qc7 10. Ng3 Nf6 11. Qd2 Ne5 12. O-O-O Rc8 13. Kb1 Be7 14. Nge2 O-O
15. g4 Nxf3 16. Qc1 Nxg4 17. Bf4 Qb6 18. Rdf1 Nh4 19. Rhg1 Nf6 20. Bg5 Ng6 21.
h4 b4 22. Nd1 Rfe8 23. Nf2 d5 24. exd5 Nxd5 25. h5 Nf8 26. Bxe7 Rxe7 27. Qg5 f6
28. Qg4 Kh8 29. Nf4 Ne3 30. Qg3 Nxf1 31. Rxf1 e5 32. Ng6+ Nxg6 33. hxg6 h6 34.
Ng4 Qd4 35. Qh3 Bg2 36. Qxg2 e4 37. Bxa6 Rd8 38. Be2 e3 39. Bd3 e2 40. Bxe2 Qd2
41. Rc1 Rxe2 0-1

[Event "Titled Tuesday 2022.06.07 Early"]
[Site "chess.com INT"]
[Date "2022.06.07"]
[Round "5"]
[White "Dordzhieva, D."]
[Black "Yang, Kaiqi"]
[Result "1-0"]
[WhiteElo "2342"]
[BlackElo "2481"]
[PlyCount "103"]
[EventDate "2022.06.07"]
[EventType "swiss (blitz)"]
[EventRounds "11"]
[EventCountry "NET"]
[Source "Mark Crowther"]
[SourceDate "2022.06.13"]

1. d4 e6 2. c4 f5 3. Nf3 Nf6 4. g3 d5 5. Bg2 c6 6. O-O Bd6 7. Bf4 Bxf4 8. gxf4
O-O 9. e3 Nbd7 10. Qc2 Ne4 11. Nbd2 Qe7 12. Ne5 Nxe5 13. fxe5 Nxd2 14. Qxd2 f4
15. exf4 Qh4 16. cxd5 exd5 17. Qe3 Be6 18. f5 Rxf5 19. f4 Rf7 20. Rf2 Raf8 21.
Raf1 g6 22. Qg3 Qe7 23. a3 a5 24. Rf3 Kh8 25. Qf2 Bf5 26. Rg3 Qe6 27. Qe3 h6
28. Kh1 Kh7 29. b4 axb4 30. axb4 Ra8 31. Qe2 Ra4 32. Rb3 Bg4 33. Qe3 Qf5 34.
Rb2 Rf8 35. Qg3 Rfa8 36. Rbb1 Ra2 37. h3 Bh5 38. Rg1 R8a3 39. Rb3 Ra4 40. b5
Ra7 41. bxc6 bxc6 42. Qe3 Be2 43. Qg3 Bb5 44. Bf3 Ra1 45. Bg4 Rxg1+ 46. Qxg1
Qc2 47. Rg3 Ra2 48. Rg2 Qe4 49. Kh2 Bd3 50. Rxa2 h5 51. Qg2 Qxf4+ 52. Qg3 1-0

[Event "Titled Tuesday 2022.06.07 Early"]
[Site "chess.com INT"]
[Date "2022.06.07"]
[Round "6"]
[White "Yang, Kaiqi"]
[Black "Chernomordik, P."]
[Result "1-0"]
[WhiteElo "2481"]
[BlackElo "2179"]
[PlyCount "63"]
[EventDate "2022.06.07"]
[EventType "swiss (blitz)"]
[EventRounds "11"]
[EventCountry "NET"]
[Source "Mark Crowther"]
[SourceDate "2022.06.13"]

1. d4 g6 2. h4 Nf6 3. c4 Bg7 4. Nc3 d6 5. e4 c5 6. d5 e6 7. Be2 exd5 8. exd5 h6
9. Bf4 a6 10. Qd2 Bf5 11. f3 h5 12. Nh3 Qb6 13. Nf2 Bc8 14. Nfe4 Nxe4 15. Nxe4
O-O 16. Bxd6 Re8 17. Bxc5 Qxb2 18. Qxb2 Bxb2 19. Rb1 Be5 20. Kf2 Nd7 21. Bd6
Bd4+ 22. Kf1 f5 23. Ng5 Ne5 24. c5 Nf7 25. Nxf7 Kxf7 26. Bc4 Kf6 27. f4 Re4 28.
Bd3 Re3 29. Rh3 Rxh3 30. gxh3 b5 31. c6 a5 32. Bxb5 1-0

[Event "Titled Tuesday 2022.06.07 Early"]
[Site "chess.com INT"]
[Date "2022.06.07"]
[Round "7"]
[White "Yang, Kaiqi"]
[Black "Hoffmann, As"]
[Result "1-0"]
[WhiteElo "2481"]
[BlackElo "2185"]
[PlyCount "51"]
[EventDate "2022.06.07"]
[EventType "swiss (blitz)"]
[EventRounds "11"]
[EventCountry "NET"]
[Source "Mark Crowther"]
[SourceDate "2022.06.13"]

1. d4 Nf6 2. c4 c5 3. d5 e5 4. Nc3 d6 5. e4 Be7 6. h3 Nbd7 7. Nf3 Nf8 8. g3 Ng6
9. Be3 O-O 10. h4 h6 11. Be2 Ng4 12. Bd2 f5 13. h5 Nh8 14. Nh4 Nxf2 15. Kxf2
fxe4+ 16. Kg2 Bf5 17. Be3 Bg5 18. Qd2 Bh7 19. Bg4 Nf7 20. Be6 Kh8 21. Ng6+ Bxg6
22. hxg6 Bxe3 23. Qxe3 Ng5 24. Nxe4 Rf3 25. Qxg5 Qxg5 26. Nxg5 1-0

[Event "Titled Tuesday 2022.06.07 Early"]
[Site "chess.com INT"]
[Date "2022.06.07"]
[Round "8"]
[White "Vinod, R."]
[Black "Yang, Kaiqi"]
[Result "0-1"]
[WhiteElo "2173"]
[BlackElo "2481"]
[PlyCount "56"]
[EventDate "2022.06.07"]
[EventType "swiss (blitz)"]
[EventRounds "11"]
[EventCountry "NET"]
[Source "Mark Crowther"]
[SourceDate "2022.06.13"]

1. e4 c5 2. Nf3 e6 3. d4 cxd4 4. Nxd4 a6 5. Bd3 Bc5 6. Nb3 Ba7 7. Qg4 Nf6 8.
Qg3 d6 9. Nc3 Nc6 10. O-O Ne5 11. Kh1 O-O 12. Be2 b5 13. f4 Nc4 14. e5 Ne8 15.
Bd3 Bb7 16. a4 Bc6 17. axb5 axb5 18. Nd2 d5 19. Nf3 f5 20. b3 d4 21. Nxb5 Bxb5
22. bxc4 Bc6 23. Ba3 Rf7 24. Ng5 Qc8 25. Nxf7 Kxf7 26. Qh4 h6 27. Qe7+ Kg8 28.
c5 Bd5 0-1

[Event "Chess.com RCC Wk18 Swiss"]
[Site "chess.com INT"]
[Date "2022.06.11"]
[Round "2"]
[White "Rustemov, A."]
[Black "Yang, Kaiqi"]
[Result "0-1"]
[WhiteElo "2525"]
[BlackElo "2481"]
[PlyCount "308"]
[EventDate "2022.06.11"]
[EventType "swiss (rapid)"]
[EventRounds "9"]
[EventCountry "NET"]
[Source "Mark Crowther"]
[SourceDate "2022.06.13"]

1. d4 d5 2. c4 c6 3. Nc3 Nf6 4. e3 e6 5. Nf3 Nbd7 6. Qc2 Bd6 7. b3 O-O 8. Be2
b6 9. O-O Bb7 10. Bb2 Qe7 11. Rad1 Rac8 12. e4 Nxe4 13. Nxe4 dxe4 14. Qxe4 f5
15. Qc2 c5 16. d5 e5 17. g3 e4 18. Nd2 Rce8 19. Rde1 Qg5 20. f4 Qh6 21. Nb1 Re7
22. Nc3 a6 23. Nd1 Bc8 24. Ne3 Nf6 25. Rf2 Bd7 26. Bc3 g5 27. Ng2 Rg7 28. Bd2
g4 29. Bc3 Re7 30. Qb2 Ne8 31. Ne3 Qg6 32. h3 h5 33. hxg4 hxg4 34. Rh2 Rh7 35.
Rxh7 Qxh7 36. Bf1 Rf7 37. Re2 Qg6 38. Rh2 Rh7 39. Be5 Kf7 40. Bxd6 Nxd6 41.
Rxh7+ Qxh7 42. Qe5 Qh6 43. a3 a5 44. Kf2 Qh2+ 45. Bg2 Qh6 46. Ke2 Qf6 47. Kd2
Kg6 48. Kc3 Nf7 49. Qxf6+ Kxf6 50. b4 Nd6 51. bxa5 bxa5 52. Bf1 Ke7 53. Be2 Kd8
54. Kb3 Kc7 55. Nd1 Ne8 56. Kc3 Ng7 57. Ne3 Nh5 58. Nf1 Ba4 59. Kd2 Kd6 60. Ke3
Ng7 61. Kf2 Ke7 62. Ne3 Kd6 63. Ke1 Ke7 64. Bd1 Bd7 65. Kd2 Nh5 66. Nf1 Ng7 67.
Ke3 Ne8 68. Ke2 Nd6 69. Ne3 Kf6 70. Kd2 Ke7 71. Kc3 Kd8 72. Bc2 Kc7 73. Nf1 Kb6
74. Nd2 Be8 75. Nf1 Bd7 76. Ne3 Be8 77. Bb3 Bd7 78. Kd2 Be8 79. Bd1 Bd7 80. Kc3
Kc7 81. Be2 Kb6 82. Kb3 Kc7 83. Nd1 Kb6 84. Nc3 Kc7 85. a4 Kb6 86. Bf1 Kc7 87.
Be2 Kb6 88. Kc2 Kc7 89. Kd2 Kb6 90. Ke3 Kc7 91. Kd2 Kb6 92. Kc2 Kc7 93. Kb2 Kb6
94. Kb3 Kc7 95. Nb1 Kb6 96. Nd2 Kc7 97. Nf1 Kb6 98. Ne3 Kc7 99. Bd1 Kb6 100.
Be2 Kc7 101. Ka3 Kb6 102. Bd1 Kc7 103. Bb3 Kb6 104. Kb2 Kc7 105. Kc3 Kb6 106.
Kd2 Kc7 107. Ke2 Kb6 108. Ng2 Kc7 109. Nh4 Kb6 110. Ng6 Kc7 111. Ne5 Kd8 112.
Ke3 Kc7 113. Bc2 Kd8 114. Kd2 Kc7 115. Kc3 Kd8 116. Ng6 Kc7 117. Nf8 Kd8 118.
Ng6 Kc7 119. Nh4 Kd8 120. Ng2 Kc7 121. Bb3 Kd8 122. Kd2 Kc7 123. Ne3 Kd8 124.
Bc2 Kc7 125. Kc3 Kd8 126. Bd1 Kc7 127. Kb3 Kd8 128. Bxg4 fxg4 129. Kc3 Nf5 130.
Nf1 e3 131. Kd3 Bxa4 132. Ke4 Bd1 133. Nxe3 Nxe3 134. Kxe3 a4 135. Kd2 Bb3 136.
Kc3 Ke7 137. f5 Kf6 138. d6 Kf7 139. Kb2 Kf6 140. Ka3 Kf7 141. Kb2 Bxc4 142.
Ka3 Bb3 143. Kb2 c4 144. Kc3 a3 145. f6 Kxf6 146. Kb4 a2 147. Kc5 a1=Q 148. d7
Qd1 149. Kc6 Qxd7+ 150. Kc5 c3 151. Kb4 c2 152. Ka3 c1=Q+ 153. Kb4 Qb7+ 154.
Ka5 Qa1# 0-1

[Event "Chess.com RCC Wk18 Swiss"]
[Site "chess.com INT"]
[Date "2022.06.11"]
[Round "3"]
[White "Yang, Kaiqi"]
[Black "Bharath, Subramaniyam H"]
[Result "0-1"]
[WhiteElo "2481"]
[BlackElo "2479"]
[PlyCount "156"]
[EventDate "2022.06.11"]
[EventType "swiss (rapid)"]
[EventRounds "9"]
[EventCountry "NET"]
[Source "Mark Crowther"]
[SourceDate "2022.06.13"]

1. d4 Nf6 2. c4 e6 3. Nc3 c5 4. d5 exd5 5. cxd5 d6 6. e4 g6 7. f4 Bg7 8. Bb5+
Nfd7 9. a4 O-O 10. Nf3 Na6 11. O-O Nb4 12. Kh1 a6 13. Bxd7 Bxd7 14. f5 gxf5 15.
Bg5 f6 16. Bf4 Re8 17. exf5 Bxf5 18. Nh4 Bd3 19. Rf3 f5 20. Bg3 Bc2 21. Qd2 Qd7
22. Raf1 Rf8 23. Bf4 Qe7 24. Bg5 Qe5 25. Bh6 Qd4 26. Qg5 Qf6 27. Rg3 Qxg5 28.
Rxg5 Rf7 29. Nxf5 Bxf5 30. Bxg7 Bg6 31. Rxf7 Kxf7 32. Bh6 Re8 33. h4 Kf6 34. h5
Bf7 35. Kh2 Re5 36. Rxe5 Kxe5 37. Bg7+ Kf5 38. h6 Nxd5 39. Nxd5 Bxd5 40. Bf8
Ke6 41. a5 Be4 42. Kg3 Kd5 43. Kf2 Kc6 44. g4 d5 45. Ke3 Bg6 46. Be7 d4+ 47.
Kd2 Kb5 48. Bd8 Kc6 49. g5 Bf5 50. Bb6 Kd5 51. Ke2 c4 52. Kd2 Ke4 53. Bc5 Kd5
54. Bb6 d3 55. Bd8 Kc5 56. Bf6 Kb4 57. Bc3+ Kb5 58. Ke3 b6 59. axb6 Kxb6 60.
Kd2 Kb5 61. Ke3 a5 62. Kd2 a4 63. Ke3 Bg6 64. Kd2 Kc5 65. Ke3 Kd5 66. Kd2 Ke4
67. Bb4 Kf5 68. Ba3 Kxg5 69. Bf8 Kf5 70. Be7 Ke4 71. Bf8 Kd4 72. Be7 c3+ 73.
bxc3+ Kc4 74. Ba3 Kb3 75. Bc5 a3 76. Bd4 Kc4 77. Kc1 a2 78. Kb2 d2 0-1

[Event "Chess.com RCC Wk18 Swiss"]
[Site "chess.com INT"]
[Date "2022.06.11"]
[Round "4"]
[White "Xu, Yi"]
[Black "Yang, Kaiqi"]
[Result "1-0"]
[WhiteElo "2507"]
[BlackElo "2481"]
[PlyCount "93"]
[EventDate "2022.06.11"]
[EventType "swiss (rapid)"]
[EventRounds "9"]
[EventCountry "NET"]
[Source "Mark Crowther"]
[SourceDate "2022.06.13"]

1. e4 c5 2. Nf3 e6 3. d4 cxd4 4. Nxd4 a6 5. Bd3 Bc5 6. Nb3 Ba7 7. Qe2 Nc6 8.
Be3 d6 9. Bxa7 Rxa7 10. c4 Nf6 11. Nc3 e5 12. O-O Be6 13. Rfd1 O-O 14. Rac1 Qb8
15. h3 Nd7 16. Qe3 b6 17. Na1 Nc5 18. Nc2 a5 19. Na3 Rd7 20. Nab5 Qd8 21. b3 g6
22. Bf1 f5 23. Rd2 f4 24. Qf3 Bf7 25. Rcd1 Ne6 26. Qd3 Qe7 27. Qb1 Ned4 28.
Nxd4 Nxd4 29. Nb5 Ne6 30. Rxd6 Rxd6 31. Rxd6 f3 32. g3 Be8 33. Rxb6 Bxb5 34.
Rxb5 Nd4 35. Rd5 Qg5 36. Qd3 Qc1 37. Rxd4 exd4 38. Qxd4 Qb1 39. c5 h5 40. Qc4+
Kh7 41. c6 Rd8 42. c7 Rc8 43. Qf7+ Kh6 44. Qd7 Rxc7 45. Qxc7 Qxa2 46. Qf4+ Kg7
47. Qxf3 1-0

[Event "Chess.com RCC Wk18 Swiss"]
[Site "chess.com INT"]
[Date "2022.06.11"]
[Round "5"]
[White "Yang, Kaiqi"]
[Black "Harika, D."]
[Result "1-0"]
[WhiteElo "2481"]
[BlackElo "2517"]
[PlyCount "125"]
[EventDate "2022.06.11"]
[EventType "swiss (rapid)"]
[EventRounds "9"]
[EventCountry "NET"]
[Source "Mark Crowther"]
[SourceDate "2022.06.13"]

1. d4 Nf6 2. c4 g6 3. Nc3 Bg7 4. e4 O-O 5. Be2 c5 6. d5 d6 7. Nf3 e6 8. O-O Na6
9. Bg5 h6 10. Bh4 Nc7 11. a4 Na6 12. dxe6 Bxe6 13. Qd2 Qb6 14. a5 Qc6 15. Bxf6
Bxf6 16. Qxh6 Rfe8 17. Ng5 Bxg5 18. Qxg5 Kg7 19. f4 f6 20. Qg3 Bf7 21. Rad1 Nb4
22. Rd2 Rad8 23. Rfd1 a6 24. b3 Qc7 25. Ra1 Qe7 26. Bf3 Nc6 27. Ne2 f5 28. Re1
fxe4 29. Nc3 e3 30. Rde2 Nd4 31. Bd5 Nxe2+ 32. Rxe2 Qf6 33. Bxf7 Qxf7 34. Nd5
Re4 35. Rxe3 Rxe3 36. Nxe3 Re8 37. h3 Re4 38. Nd5 Qf5 39. Qc3+ Rd4 40. Kh2 Qd3
41. Qe1 Re4 42. Qh4 Qd4 43. Qg3 Kf7 44. Qg4 Re1 45. Qd7+ Kf8 46. Qxd6+ Kf7 47.
Qd7+ Kf8 48. Qc8+ Kf7 49. Qxb7+ Kf8 50. Qc8+ Kf7 51. Qd7+ Kf8 52. Qd8+ Kf7 53.
Qc7+ Kf8 54. Qb8+ Kf7 55. Qa7+ Kf8 56. Qb8+ Kf7 57. Qb7+ Kf8 58. Qxa6 Qg1+ 59.
Kg3 Re2 60. Qf6+ Ke8 61. Qxg6+ Kf8 62. Qh6+ Ke8 63. Qh5+ 1-0

[Event "Chess.com RCC Wk18 Swiss"]
[Site "chess.com INT"]
[Date "2022.06.11"]
[Round "6"]
[White "Yang, Kaiqi"]
[Black "Moiseenko, A1."]
[Result "1/2-1/2"]
[WhiteElo "2481"]
[BlackElo "2579"]
[PlyCount "92"]
[EventDate "2022.06.11"]
[EventType "swiss (rapid)"]
[EventRounds "9"]
[EventCountry "NET"]
[Source "Mark Crowther"]
[SourceDate "2022.06.13"]

1. d4 Nf6 2. c4 e6 3. Nc3 Bb4 4. e3 O-O 5. Nf3 d5 6. Bd2 b6 7. cxd5 exd5 8. Rc1
Be7 9. Bd3 Bb7 10. O-O c5 11. Ne5 Nc6 12. Nxc6 Bxc6 13. dxc5 bxc5 14. Na4 c4
15. Bc2 Rb8 16. Bc3 Re8 17. Bd4 Qc7 18. Nc3 Red8 19. b3 Ba8 20. Ne2 Qa5 21. Bc3
Qa6 22. Nd4 g6 23. Qf3 Ne4 24. Bxe4 dxe4 25. Qf4 Qf6 26. Qc7 Bd6 27. Qxa7 cxb3
28. Nxb3 Qg5 29. g3 Bf8 30. Rfd1 h5 31. Qa6 Qg4 32. Rxd8 Rxd8 33. Bd4 Be7 34.
Qa7 Bf8 35. Qc7 Re8 36. Qb6 Qf5 37. h4 Bd5 38. Qf6 Qxf6 39. Bxf6 Ra8 40. Rc2
Kh7 41. Kg2 Kg8 42. Rd2 Be6 43. Kf1 Bc4+ 44. Kg2 Be6 45. Rc2 Bd5 46. Rd2 Be6
1/2-1/2

[Event "Chess.com RCC Wk18 Swiss"]
[Site "chess.com INT"]
[Date "2022.06.11"]
[Round "7"]
[White "Kobo, Ori"]
[Black "Yang, Kaiqi"]
[Result "1-0"]
[WhiteElo "2534"]
[BlackElo "2481"]
[PlyCount "67"]
[EventDate "2022.06.11"]
[EventType "swiss (rapid)"]
[EventRounds "9"]
[EventCountry "NET"]
[Source "Mark Crowther"]
[SourceDate "2022.06.13"]

1. Nf3 Nf6 2. c4 g6 3. Nc3 Bg7 4. d4 O-O 5. h3 d5 6. cxd5 Nxd5 7. e4 Nxc3 8.
bxc3 c5 9. Be2 Nc6 10. Be3 cxd4 11. cxd4 Qa5+ 12. Bd2 Qd8 13. d5 Ne5 14. Rb1 e6
15. Nxe5 Bxe5 16. O-O exd5 17. Bh6 Bg7 18. Bxg7 Kxg7 19. Qd4+ Qf6 20. e5 Qe7
21. Qxd5 Be6 22. Qxb7 Qxb7 23. Rxb7 Rfb8 24. Rc7 a5 25. Bc4 Bxc4 26. Rxc4 Rb2
27. a4 Ra2 28. f4 Rb8 29. f5 gxf5 30. Rxf5 Rb4 31. Rc7 Raxa4 32. Rcxf7+ Kg6 33.
R7f6+ Kg7 34. Rg5+ 1-0

[Event "Chess.com RCC Wk18 Swiss"]
[Site "chess.com INT"]
[Date "2022.06.11"]
[Round "8"]
[White "Xu, Yinglun"]
[Black "Yang, Kaiqi"]
[Result "1/2-1/2"]
[WhiteElo "2549"]
[BlackElo "2481"]
[PlyCount "104"]
[EventDate "2022.06.11"]
[EventType "swiss (rapid)"]
[EventRounds "9"]
[EventCountry "NET"]
[Source "Mark Crowther"]
[SourceDate "2022.06.13"]

1. c4 e6 2. Nc3 d5 3. d4 c6 4. Nf3 Nf6 5. e3 Nbd7 6. Qc2 Bd6 7. Be2 O-O 8. b3
b6 9. O-O Bb7 10. Bb2 Qe7 11. Rad1 Rac8 12. Rfe1 Rfd8 13. Qb1 c5 14. cxd5 exd5
15. Bf1 Bb8 16. g3 Ne4 17. Bg2 Ndf6 18. dxc5 bxc5 19. Qa1 Qf8 20. Nxe4 Nxe4 21.
Nd2 Ng5 22. e4 d4 23. h4 Ne6 24. Nc4 Qe7 25. Qc1 h6 26. Qd2 Bc7 27. Rc1 Rd7 28.
Ba3 Ba8 29. Nb2 Bb6 30. Nd3 Qd8 31. Re2 Ba5 32. Qd1 Bc3 33. Rec2 c4 34. bxc4
Qa5 35. Bb2 Rxc4 36. Qe2 Rcc7 37. Bh3 Qb5 38. Bxe6 fxe6 39. Bxc3 dxc3 40. Rxc3
Rxc3 41. Rxc3 Bb7 42. Kh2 Ba6 43. Qg4 Rxd3 44. Qxe6+ Kh7 45. Rxd3 Qxd3 46. Qf5+
Kg8 47. Qe6+ Kf8 48. Qf5+ Ke7 49. Qe5+ Kf7 50. Qf5+ Kg8 51. Qe6+ Kf8 52. Qf5+
Kg8 1/2-1/2

[Event "Chess.com RCC Wk18 Swiss"]
[Site "chess.com INT"]
[Date "2022.06.11"]
[Round "9"]
[White "Yang, Kaiqi"]
[Black "Kosteniuk, A."]
[Result "0-1"]
[WhiteElo "2481"]
[BlackElo "2510"]
[PlyCount "70"]
[EventDate "2022.06.11"]
[EventType "swiss (rapid)"]
[EventRounds "9"]
[EventCountry "NET"]
[Source "Mark Crowther"]
[SourceDate "2022.06.13"]

1. d4 Nf6 2. c4 e6 3. Nc3 Bb4 4. e3 O-O 5. Nf3 b6 6. Bd2 c5 7. a3 Bxc3 8. Bxc3
Ne4 9. Rc1 Bb7 10. Be2 d6 11. O-O Qe7 12. b4 Nxc3 13. Rxc3 Nd7 14. Qb3 e5 15.
dxc5 dxc5 16. Rd1 e4 17. Ne1 Ne5 18. Rc2 Rac8 19. Rcd2 Qg5 20. Rd6 h5 21. Qa4
cxb4 22. Qxa7 Ba8 23. axb4 Nd3 24. Qxb6 Rxc4 25. Rd4 Rxd4 26. Qxd4 Rd8 27. Qb6
Kh7 28. Qa5 f5 29. h4 Qf6 30. Nxd3 exd3 31. Rxd3 Rc8 32. Rd1 Be4 33. f3 Bc2 34.
Rc1 Rc3 35. Qb6 Qxb6 0-1

[Event "Titled Tuesday 2022.06.14 Early"]
[Site "chess.com INT"]
[Date "2022.06.14"]
[Round "1"]
[White "Yang, Kaiqi"]
[Black "McNeill, Gordon"]
[Result "1-0"]
[WhiteElo "2481"]
[BlackElo "2092"]
[PlyCount "109"]
[EventDate "2022.06.14"]
[EventType "swiss (blitz)"]
[EventRounds "11"]
[EventCountry "NET"]
[Source "Mark Crowther"]
[SourceDate "2022.06.20"]

1. d4 d5 2. c4 c6 3. Nf3 Nf6 4. g3 g6 5. Bg2 Bg7 6. Nc3 O-O 7. cxd5 cxd5 8. Ne5
Nc6 9. Nxc6 bxc6 10. O-O Bf5 11. Bf4 Qc8 12. Rc1 Bh3 13. Na4 Bxg2 14. Kxg2 Ne4
15. f3 Nd6 16. Qd3 a5 17. Rc2 Qa6 18. Qxa6 Rxa6 19. Rfc1 Rc8 20. e3 f6 21. Bxd6
exd6 22. g4 f5 23. gxf5 gxf5 24. f4 Kf7 25. Kf3 Ke6 26. b3 Bf6 27. Nb2 Kd7 28.
Nd3 a4 29. b4 Rb6 30. a3 Rc7 31. Nb2 c5 32. bxc5 Rb3 33. Nxa4 Bxd4 34. c6+ Ke6
35. Nc3 Bb6 36. Rb1 Rxb1 37. Nxb1 d4 38. exd4 Kd5 39. Nc3+ Kc4 40. Ne2+ Kb3 41.
Rc3+ Kb2 42. d5 Bc5 43. a4 Ra7 44. Rc4 Kb3 45. Rxc5 dxc5 46. d6 c4 47. c7 c3
48. c8=Q Rxa4 49. Qxc3+ Ka2 50. Qc2+ Ka1 51. Qxa4+ Kb2 52. Qb4+ Ka2 53. d7 Ka1
54. d8=Q Ka2 55. Qa8# 1-0

[Event "Titled Tuesday 2022.06.14 Early"]
[Site "chess.com INT"]
[Date "2022.06.14"]
[Round "8"]
[White "Lewtak, Da"]
[Black "Yang, Kaiqi"]
[Result "1-0"]
[WhiteElo "2388"]
[BlackElo "2481"]
[PlyCount "65"]
[EventDate "2022.06.14"]
[EventType "swiss (blitz)"]
[EventRounds "11"]
[EventCountry "NET"]
[Source "Mark Crowther"]
[SourceDate "2022.06.20"]

1. e4 c5 2. Nf3 e6 3. b3 Nc6 4. Bb2 d6 5. Bd3 Nf6 6. c3 Be7 7. Bc2 d5 8. exd5
Nxd5 9. O-O Bf6 10. Na3 O-O 11. Nc4 b5 12. Ne3 Bb7 13. Rb1 a6 14. c4 Ndb4 15.
Be4 Bxb2 16. Rxb2 Qf6 17. Qb1 g6 18. a3 Qg7 19. cxb5 f5 20. bxc6 Nxc6 21. Bd3
e5 22. Bc4+ Kh8 23. b4 f4 24. Nd5 e4 25. Ng5 f3 26. bxc5 Bc8 27. Rb6 fxg2 28.
Re1 Nd4 29. Qxe4 Bf5 30. Qe5 h6 31. Qxg7+ Kxg7 32. Rb7+ Kg8 33. Nf6+ 1-0

[Event "Titled Tuesday 2022.06.14 Early"]
[Site "chess.com INT"]
[Date "2022.06.14"]
[Round "9"]
[White "Yang, Kaiqi"]
[Black "Mestnikov, Aisen"]
[Result "1-0"]
[WhiteElo "2481"]
[BlackElo "2101"]
[PlyCount "69"]
[EventDate "2022.06.14"]
[EventType "swiss (blitz)"]
[EventRounds "11"]
[EventCountry "NET"]
[Source "Mark Crowther"]
[SourceDate "2022.06.20"]

1. d4 Nf6 2. c4 g6 3. Nc3 Bg7 4. e4 d6 5. Be2 O-O 6. Nf3 e5 7. d5 a5 8. Bg5 h6
9. Be3 Ng4 10. Bd2 Na6 11. Qc1 Kh7 12. h3 Nf6 13. Be3 Nc5 14. Nd2 b6 15. Qc2
Bd7 16. g4 c6 17. b3 cxd5 18. cxd5 Rc8 19. Nc4 Ncxe4 20. Nxe4 b5 21. Nexd6 Rb8
22. Na3 b4 23. Nac4 Nxd5 24. Rd1 Nc3 25. Rd2 Qc7 26. Bf3 Bc6 27. Bxc6 Qxc6 28.
Rg1 Rfd8 29. Nxf7 Rxd2 30. Bxd2 Nb5 31. Be3 Qd5 32. Nxh6 Bxh6 33. g5 Bg7 34.
Rg4 Nd4 35. Rh4+ 1-0